மகிடிக்கூத்து/

Saved in:
Bibliographic Details
Main Author: சிவரெத்தினம்,சு
Format: Book
Language:English
Tamil
Published: கொழும்பு: குமரன் புத்தக இல்லம், 2022.
Subjects:
Tags: Add Tag
No Tags, Be the first to tag this record!

MARC

LEADER 00000nam a22000007a 4500
005 20260404141704.0
008 260404b |||||||| |||| 00| 0 eng d
020 |a 9786246164300 
041 |a tam 
082 |a 792.095493  |b சிவரெ 
100 |a சிவரெத்தினம்,சு  |9 105939 
245 |a மகிடிக்கூத்து/  |c சு.சிவரெத்தினம் 
260 |a கொழும்பு:  |b குமரன் புத்தக இல்லம்,  |c 2022. 
300 |a 116பக்  |c 21cm 
500 |a Purchase 
650 |a மகிடிக்கூத்து  |9 116887 
942 |c REF 
999 |c 70952  |d 70952